Sorscsapás vagy ajándék? Nánay István szerint teljesen más a szerepük és mások a lehetőségeik a határon túli magyar színházaknak

Bibliographic Details
Main Author: Forgács, Miklós, 1973- (Author)
Format: Article
Language:Hungarian
PhysicalDescription:Fotogr.
Subjects:

MARC

LEADER 00000nab a2200000 ar4500
001 vtls009166138
003 SK-MaSNL
005 20260318132815.0
008 071210c20071208xo |||||||| 000 b|hun
015 |a SNBRB2007/12  |2 snkbucl 
038 |a SNKBUCL 
040 |a DSZK  |b slo  |c DSZK  |e AACR2 
041 0 |a hun 
044 |a xo  |c SK 
080 |a 792  |x (=511.141)  |x (437.6)  |2 1997 
080 |a 792  |x (=511.141)  |x (4)  |2 1997 
080 |a 061.75  |2 1997 
080 |a 061.3  |2 1997 
100 1 |a Forgács, Miklós,  |d 1973-  |4 aut  |9 118484 
245 1 0 |a Sorscsapás vagy ajándék?  |b Nánay István szerint teljesen más a szerepük és mások a lehetőségeik a határon túli magyar színházaknak  |c Forgács Miklós 
300 |b Fotogr. 
610 2 7 |a Jókaiho divadlo v Komárne - Komáromi Jókai Színház  |2 snkbucl  |9 32950 
611 2 7 |a Határon túli magyar színházak MA-HOLNAP?  |d (2007 :  |c Komárno, Slovensko)  |2 snkbucl  |9 1225330 
648 7 |a 2007  |2 snkbucl  |9 313226 
648 7 |a 23.11.2007  |2 snkbucl  |9 1060518 
650 0 7 |a zahraničné maďarské divadlá  |2 snkbucl  |9 1225331 
650 0 7 |a konferencie  |2 snkbucl  |9 19221 
651 7 |a Komárno (Slovensko)  |2 snkbucl  |9 39168 
773 0 |t Új szó  |g Évf. 60, sz. 282 (8.12.2007), o. 8 
852 |a SNK  |b KIS3GCP 
852 |a DSZK  |b KIS3GCP 
958 |a HU 
958 |a SK 
999 |c 2154014  |d 2155944